Encyclopedia of international relations and global politics
Salvato in:
| Altri autori: | |
|---|---|
| Natura: | Libro |
| Lingua: | inglese |
| Pubblicazione: |
London
Routledge
2005
|
| Soggetti: | |
| Tags: |
Nessun Tag, puoi essere il primo ad aggiungerne!!
|
MARC
| LEADER | 00000nam$a2200000$$$4500 | ||
|---|---|---|---|
| 001 | 0036025 | ||
| 005 | 20221207101034.9 | ||
| 020 | |a 0-415-31160-8 | ||
| 041 | 0 | |a eng | |
| 044 | |a GB | ||
| 245 | 1 | 0 | |a Encyclopedia of international relations and global politics |c edited by Martin Griffiths |
| 264 | 1 | |a London |b Routledge |c 2005 | |
| 300 | |a 911 s. | ||
| 610 | 2 | 0 | |a vzťahy medzinárodné |
| 610 | 2 | 0 | |a globalizácia |
| 610 | 2 | 0 | |a diplomacia |
| 610 | 2 | 0 | |a vojenstvo |
| 610 | 2 | 0 | |a politika hospodárska medzinárodná |
| 610 | 2 | 0 | |a politika |
| 610 | 2 | 0 | |a ideológia |
| 610 | 2 | 0 | |a konflikty medzinárodné |
| 610 | 2 | 0 | |a prostredie životné |
| 700 | 1 | |a Griffiths, Martin | |